ბათუმის შოთა რუსთაველის სახელმწიფო უნივერსიტეტის ბიბლიოთეკა

Calil mammaoquluzada (Tanitmakitabi) / (ბიბ.ჩანაწერი № 36444)

000 -LEADER
fixed length control field 00574nam a2200193Ia 4500
001 - CONTROL NUMBER
control field 2359
003 - CONTROL NUMBER IDENTIFIER
control field GE_BSU
005 - DATE AND TIME OF LATEST TRANSACTION
control field 20221025110835.0
008 - FIXED-LENGTH DATA ELEMENTS--GENERAL INFORMATION
fixed length control field 181216s2009az xx |||||||||||||| ||aze||
040 ## - CATALOGING SOURCE
Transcribing agency GE_BSU
080 ## - UNIVERSAL DECIMAL CLASSIFICATION NUMBER
Universal Decimal Classification number 821.512.162 H-46
100 ## - MAIN ENTRY--PERSONAL NAME
Personal name Haribbayli, Isa.
9 (RLIN) 15522
245 ## - TITLE STATEMENT
Title Calil mammaoquluzada (Tanitmakitabi) /
Statement of responsibility, etc. Isa Haribbayli.
264 ## - PRODUCTION, PUBLICATION, DISTRIBUTION, MANUFACTURE, AND COPYRIGHT NOTICE
Place of production, publication, distribution, manufacture Naxçivan,
Date of production, publication, distribution, manufacture, or copyright notice 2009.
300 ## - PHYSICAL DESCRIPTION
Extent 168 c.:
Other physical details илл,
653 ## - INDEX TERM--UNCONTROLLED
keyword Calil mammaoquluzada (Tanitmakitabi)
653 ## - INDEX TERM--UNCONTROLLED
keyword აზერბაიჯანული ლიტერატურა
942 ## - ADDED ENTRY ELEMENTS (KOHA)
Koha item type წიგნი
Source of classification or shelving scheme
ეგზემპლარები
Withdrawn status Lost status Source of classification or shelving scheme Damaged status Not for loan Permanent Location Current Location Shelving location Date acquired Cost, normal purchase price Full call number Barcode Date last seen Copy number Price effective from Koha item type Public note
          ბათუმის შოთა რუსთაველის სახელმწიფო უნივერსიტეტის მთავარი ბიბლიოთეკა ბათუმის შოთა რუსთაველის სახელმწიფო უნივერსიტეტის მთავარი ბიბლიოთეკა წიგნსაცავი 2018-12-17 10.00 821.512.162 H-46 4521 2018-12-17 4521 2018-12-17 წიგნი 10 ლ.